<?xml version="1.0" encoding="UTF-8"?>
<record
    xmlns:xsi="http://www.w3.org/2001/XMLSchema-instance"
    xsi:schemaLocation="http://www.loc.gov/MARC21/slim http://www.loc.gov/standards/marcxml/schema/MARC21slim.xsd"
    xmlns="http://www.loc.gov/MARC21/slim">

  <leader>01070nam a2200301Ia 4500</leader>
  <controlfield tag="001">20197</controlfield>
  <controlfield tag="003">IT-RoPAU</controlfield>
  <controlfield tag="008">130308s9999    xx            000 0 und d</controlfield>
  <datafield tag="040" ind1=" " ind2=" ">
    <subfield code="a">IT-RoPAU</subfield>
  </datafield>
  <datafield tag="040" ind1=" " ind2=" ">
    <subfield code="c">IT-RoPAU</subfield>
  </datafield>
  <datafield tag="041" ind1=" " ind2=" ">
    <subfield code="a">FRANCESE</subfield>
  </datafield>
  <datafield tag="100" ind1=" " ind2=" ">
    <subfield code="a">Ishaghpour Youssef</subfield>
  </datafield>
  <datafield tag="100" ind1=" " ind2=" ">
    <subfield code="g">Codice Aut. SPICS: 12823</subfield>
  </datafield>
  <datafield tag="245" ind1=" " ind2=" ">
    <subfield code="a">D'Une image a l'autre-La representation dans le cinema d'aujourd'hui</subfield>
  </datafield>
  <datafield tag="245" ind1=" " ind2=" ">
    <subfield code="b">D'Une image a L'Autre-La Representation Dans le Cinema D'Aujourd'Hui</subfield>
  </datafield>
  <datafield tag="250" ind1=" " ind2=" ">
    <subfield code="a">1a ed.</subfield>
  </datafield>
  <datafield tag="260" ind1=" " ind2=" ">
    <subfield code="a">PARIS</subfield>
  </datafield>
  <datafield tag="260" ind1=" " ind2=" ">
    <subfield code="b">Denoel/Gonthier</subfield>
  </datafield>
  <datafield tag="260" ind1=" " ind2=" ">
    <subfield code="c">1982 [1&#xB0; Ed.:1982 - Ed.Ling.Originale:1982]</subfield>
  </datafield>
  <datafield tag="300" ind1=" " ind2=" ">
    <subfield code="a">"310 p. (prefazione: no ; testo: 310)"</subfield>
  </datafield>
  <datafield tag="500" ind1=" " ind2=" ">
    <subfield code="a">Teoria Brechtiana e Il Cinema Distanza Estetica e Filosofia della Storia Cinema fuori Campo Storico e fuori Campo Estetico Realt&#xE0; e immagine Cinema montaggio immagine e Mito rappresentazione nel Cinema d'oggi rappresentazione e Comunicazione</subfield>
  </datafield>
  <datafield tag="650" ind1=" " ind2=" ">
    <subfield code="a">SAGGI SUL CINEMA</subfield>
  </datafield>
  <datafield tag="650" ind1=" " ind2=" ">
    <subfield code="e">Codice materia Spics: 6811</subfield>
  </datafield>
  <datafield tag="942" ind1=" " ind2=" ">
    <subfield code="c">BK</subfield>
  </datafield>
  <datafield tag="957" ind1=" " ind2=" ">
    <subfield code="7">1</subfield>
  </datafield>
  <datafield tag="999" ind1=" " ind2=" ">
    <subfield code="c">72483</subfield>
    <subfield code="d">72483</subfield>
  </datafield>
  <datafield tag="999" ind1=" " ind2=" ">
    <subfield code="b">SI</subfield>
  </datafield>
  <datafield tag="999" ind1=" " ind2=" ">
    <subfield code="g">1</subfield>
  </datafield>
  <datafield tag="952" ind1=" " ind2=" ">
    <subfield code="0">0</subfield>
    <subfield code="1">0</subfield>
    <subfield code="4">0</subfield>
    <subfield code="6">20197_000000000000000</subfield>
    <subfield code="7">1</subfield>
    <subfield code="a">SPICS</subfield>
    <subfield code="b">SPICS</subfield>
    <subfield code="d">2013-03-08</subfield>
    <subfield code="l">0</subfield>
    <subfield code="o">20197</subfield>
    <subfield code="r">2013-03-08 00:00:00</subfield>
    <subfield code="w">2013-03-08</subfield>
    <subfield code="y">BK</subfield>
    <subfield code="z">Progressivo inserimento:  40097 /  N. Volumi: 1 Copie: 1 Copia Rara: SI / data import: 1 marzo 2013 - By Epidotti, Trombetti, Vaglietti. </subfield>
  </datafield>
</record>
